Expecting a miracle (Record no. 67529)
[ view plain ]
| 000 -LEADER | |
|---|---|
| fixed length control field | 02459cgm a2200577Ia 4500 |
| 001 - CONTROL NUMBER | |
| control field | ocn550640990 |
| 003 - CONTROL NUMBER IDENTIFIER | |
| control field | OCoLC |
| 005 - DATE AND TIME OF LATEST TRANSACTION | |
| control field | 20241220124656.0 |
| 008 - FIXED-LENGTH DATA ELEMENTS--GENERAL INFORMATION | |
| fixed length control field | 100310p20102008xxu089 vleng d |
| 007 - PHYSICAL DESCRIPTION FIXED FIELD--GENERAL INFORMATION | |
| fixed length control field | vd cvaizq |
| 040 ## - CATALOGING SOURCE | |
| Original cataloging agency | TEFMT |
| Transcribing agency | TEFMT |
| Modifying agency | TEF |
| -- | UINTA |
| 024 1# - OTHER STANDARD IDENTIFIER | |
| Standard number or code | 883476013145 |
| 028 42 - PUBLISHER NUMBER | |
| Publisher number | GN01314 |
| Source | Vivendi Entertainment |
| 035 ## - SYSTEM CONTROL NUMBER | |
| System control number | (OCoLC)550640990 |
| 037 ## - SOURCE OF ACQUISITION | |
| Source of stock number/acquisition | Midwest Tape |
| Note | http://www.midwesttapes.com |
| 050 #4 - LIBRARY OF CONGRESS CALL NUMBER | |
| Classification number | PN1997.2 |
| Item number | .E94 2010 |
| 082 04 - DEWEY DECIMAL CLASSIFICATION NUMBER | |
| Classification number | 791.43/72 |
| Edition number | 22 |
| 049 ## - LOCAL HOLDINGS (OCLC) | |
| Holding library | UCLB |
| 092 ## - LOCALLY ASSIGNED DEWEY CALL NUMBER (OCLC) | |
| Classification number | 791.437 |
| 245 00 - TITLE STATEMENT | |
| Title | Expecting a miracle |
| Medium | [videorecording] / |
| Statement of responsibility, etc | RHI Entertainment presents a Faith & Family Entertainment production in association with LG Films and Larry Levinson Productions ; produced by Jeff Kloss and Tony Roman ; teleplay by Donald Davenport ; directed by Steve Gomer. |
| 260 ## - PUBLICATION, DISTRIBUTION, ETC. (IMPRINT) | |
| Place of publication, distribution, etc | [United States] : |
| Name of publisher, distributor, etc | Vivendi Entertainment, |
| Date of publication, distribution, etc | 2010. |
| 300 ## - PHYSICAL DESCRIPTION | |
| Extent | 1 videodisc (89 min.) : |
| Other physical details | sd., col. ; |
| Dimensions | 4 3/4 in. |
| 538 ## - SYSTEM DETAILS NOTE | |
| System details note | DVD, widescreen, Dolby 5.1. |
| 511 1# - PARTICIPANT OR PERFORMER NOTE | |
| Participant or performer note | Cheech Marin, Jason Priestley, Teri Polo. |
| 500 ## - GENERAL NOTE | |
| General note | Title from container. |
| 500 ## - GENERAL NOTE | |
| General note | Based on the book 'The miracle of Dommatina' by Ira Avery. |
| 500 ## - GENERAL NOTE | |
| General note | Videodisc release of the 2008 television movie. |
| 521 ## - TARGET AUDIENCE NOTE | |
| Target audience note | Rating: Not rated. |
| 520 ## - SUMMARY, ETC. | |
| Summary, etc | A couple facing difficult marital issues tries to escape for a few days in Mexico, only to have their SUV break down, stranding them in the town of Dommatina. However, as the couple and the town residents warm to each other, it becomes apparent that they've ended up exactly where they need to be. |
| 650 #0 - SUBJECT ADDED ENTRY--TOPICAL TERM | |
| Topical term or geographic name as entry element | Married people |
| Form subdivision | Drama. |
| 9 (RLIN) | 5681961 |
| 650 #0 - SUBJECT ADDED ENTRY--TOPICAL TERM | |
| Topical term or geographic name as entry element | Man-woman relationships |
| Form subdivision | Drama. |
| 9 (RLIN) | 5673977 |
| 650 #0 - SUBJECT ADDED ENTRY--TOPICAL TERM | |
| Topical term or geographic name as entry element | Priests |
| Form subdivision | Drama. |
| 9 (RLIN) | 5675840 |
| 650 #0 - SUBJECT ADDED ENTRY--TOPICAL TERM | |
| Topical term or geographic name as entry element | Small cities |
| Form subdivision | Drama. |
| 9 (RLIN) | 5704190 |
| 655 #0 - INDEX TERM--GENRE/FORM | |
| Genre/form data or focus term | Made-for-TV movies. |
| 9 (RLIN) | 6204410 |
| 655 #0 - INDEX TERM--GENRE/FORM | |
| Genre/form data or focus term | Christian films. |
| 9 (RLIN) | 5689231 |
| 655 #0 - INDEX TERM--GENRE/FORM | |
| Genre/form data or focus term | Feature films. |
| 9 (RLIN) | 6204411 |
| 655 #0 - INDEX TERM--GENRE/FORM | |
| Genre/form data or focus term | Fiction films. |
| 9 (RLIN) | 6204412 |
| 700 1# - ADDED ENTRY--PERSONAL NAME | |
| Personal name | Avery, Ira. |
| Title of a work | Miracle of Dommatina. |
| 9 (RLIN) | 6204413 |
| 700 1# - ADDED ENTRY--PERSONAL NAME | |
| Personal name | Davenport, Donald. |
| 9 (RLIN) | 5759239 |
| 700 1# - ADDED ENTRY--PERSONAL NAME | |
| Personal name | Gomer, Steve. |
| 9 (RLIN) | 67314 |
| 700 1# - ADDED ENTRY--PERSONAL NAME | |
| Personal name | Marin, Cheech. |
| 9 (RLIN) | 33283 |
| 700 1# - ADDED ENTRY--PERSONAL NAME | |
| Personal name | Priestley, Jason, |
| Dates associated with a name | 1969- |
| 9 (RLIN) | 40827 |
| 700 1# - ADDED ENTRY--PERSONAL NAME | |
| Personal name | Polo, Teri, |
| Dates associated with a name | 1969- |
| 9 (RLIN) | 68155 |
| 710 2# - ADDED ENTRY--CORPORATE NAME | |
| Corporate name or jurisdiction name as entry element | RHI Entertainment, Inc. |
| 9 (RLIN) | 61571 |
| 710 2# - ADDED ENTRY--CORPORATE NAME | |
| Corporate name or jurisdiction name as entry element | LG Films (Firm) |
| 9 (RLIN) | 5858078 |
| 710 2# - ADDED ENTRY--CORPORATE NAME | |
| Corporate name or jurisdiction name as entry element | Larry Levinson Productions. |
| 9 (RLIN) | 5767997 |
| 710 2# - ADDED ENTRY--CORPORATE NAME | |
| Corporate name or jurisdiction name as entry element | Vivendi Entertainment (Firm) |
| 9 (RLIN) | 5692956 |
| 942 ## - ADDED ENTRY ELEMENTS (KOHA) | |
| Koha item type | DVD |
| 994 ## - | |
| -- | C0 |
| -- | UINTA |
| 998 ## - LOCAL CONTROL INFORMATION (RLIN) | |
| -- | a132147 |
| Withdrawn status | Lost status | Source of classification or shelving scheme | Damaged status | Not for loan | Collection code | Home library | Current library | Shelving location | Date acquired | Source of acquisition | Cost, normal purchase price | Total Checkouts | Total Renewals | Full call number | Barcode | Date last seen | Date checked out | Cost, replacement price | Price effective from | Koha item type |
|---|---|---|---|---|---|---|---|---|---|---|---|---|---|---|---|---|---|---|---|---|
| Dewey Decimal Classification | Movies | Wasatch County Library | Wasatch County Library | Audio Visual Area | 06/14/2010 | 14.95 | 64 | 3 | DVD Exp | 34301000948523 | 04/11/2024 | 04/04/2024 | 14.95 | 03/20/2020 | DVD |
